Digital Marketing: Strategy, Implementation and Practice. (Record no. 3786)

MARC details
005 - DATE AND TIME OF LATEST TRANSACTION
control field 20250611173306.0
020 ## - INTERNATIONAL STANDARD BOOK NUMBER
International Standard Book Number 978-1-292-40096-9
082 ## - DEWEY DECIMAL CLASSIFICATION NUMBER
Classification number 658.8 CHAF
100 ## - MAIN ENTRY--PERSONAL NAME
Author name CHAFFEY, D.
245 ## - TITLE STATEMENT
Title Digital Marketing: Strategy, Implementation and Practice.
250 ## - EDITION STATEMENT
Edition statement 8th Ed
260 ## - PUBLICATION, DISTRIBUTION, ETC.
Place of publication, distribution, etc. London,
Name of publisher, distributor, etc. Pearson,
Date of publication, distribution, etc. 2022.
300 ## - PHYSICAL DESCRIPTION
Extent xxv, 534p.: ill.; figure, picture, table
Other physical details Glossary & References & Index
Dimensions 26cm.
700 ## - ADDED ENTRY--PERSONAL NAME
Other authors/Editors CHADWICK, F. E.
856 ## - ELECTRONIC LOCATION AND ACCESS
Link text Access Online Book
Electronic name Digital Marketing
Path www.pearson.com/uk
942 ## - ADDED ENTRY ELEMENTS (KOHA)
Source of classification or shelving scheme Dewey Decimal Classification
Koha item type Books
Holdings
Date last seen Total checkouts Full call number Barcode Cost, replacement price Price effective from Koha item type Lost status Source of classification or shelving scheme Damaged status Not for loan Withdrawn status Home library Current library Shelving location Date acquired Cost, normal purchase price
06/11/2025   658.8 CHAF 00000012629 453759.00 06/11/2025 Books   Dewey Decimal Classification       College of Business Education Main Library College of Business Education Main Library General Collection 09/17/2024 151253.00
06/11/2025   658.8 CHAF 00000012630 453759.00 06/11/2025 Books   Dewey Decimal Classification       College of Business Education Main Library College of Business Education Main Library General Collection 09/17/2024 151253.00
06/11/2025   658.8 CHAF 00000012631 453759.00 06/11/2025 Books   Dewey Decimal Classification       College of Business Education Main Library College of Business Education Main Library General Collection 09/17/2024 151253.00
06/11/2025   658.8 CHAF 00000012632 453759.00 06/11/2025 Books   Dewey Decimal Classification       College of Business Education Main Library College of Business Education Main Library General Collection 09/17/2024 151253.00
06/11/2025   658.8 CHAF 00000012633 453759.00 06/11/2025 Books   Dewey Decimal Classification       College of Business Education Main Library College of Business Education Main Library General Collection 09/17/2024 151253.00